Statistics for All Comethazine Songs

Click here to take the quiz!

General Stats

  • This quiz has been taken 86 times
  • The average score is 22 of 54

Answer Stats

AlbumSong% Correct
BawskeeWalk
83%
BawskeeBands
65%
Bawskee 2DEMAR DEROZAN
58%
BawskeeDemi
58%
Bawskee 3.5Find Him!
53%
Bawskee 3.5Solved the Problem
53%
Bawskee 3.5Act
50%
Bawskee 3.5Hench Mafia
50%
Bawskee 2ONMYGRANNYKIDS
50%
BawskeeLet It Eat
47%
Bawskee 2NONSENSE
47%
PandemicGallardo
45%
BawskeeV12
45%
Bawskee 2BENJAMIN COUNTER
43%
PandemicNo Front
43%
Bawskee 3.5Goddontlikeugly
42%
Bawskee 2HIPPOPOTAMUS
42%
PandemicLead the Race
42%
BawskeePiped Up
42%
Bawskee 3.5Rasputia
42%
Bawskee 3.5Stand
42%
Bawskee 3.5Dangerous
40%
Bawskee 2WINE & DINE
40%
PandemicBlu-ray
38%
PandemicGet Out
38%
Bawskee 2GUSHER GUTS
38%
Bawskee 3.5Just Saying
38%
PandemicPitbull
38%
Bawskee 3.5Touched
38%
BawskeeHero
37%
PandemicMama's Glizzy
37%
PandemicGlide
35%
Bawskee 2I BE DAMNED
35%
BawskeeMans
35%
BawskeeOowee
35%
PandemicPermanent
35%
BawskeePneumonia
35%
Bawskee 24 POUND
33%
SingleHighriser
33%
Bawskee 2HOW DO YOU DO?
33%
Bawskee 3.5No Evidence
33%
BawskeeSticks Out the Window
33%
BawskeeBring Dat Bag Out
32%
Bawskee 3.5F**k Errbody
32%
BawskeeNo Ex
32%
PandemicNutted
32%
Single #250 Bars
30%
BawskeeBlicky
30%
BawskeeMy Way
30%
PandemicPlottin'
30%
PandemicAmbitions
28%
BawskeeIf I Got To
28%
BawskeeNo Discussion
28%
BawskeeSick Sh*t
28%

Score Distribution

Percentile by Number Answered

Percent of People with Each Score

Your Score History

You have not taken this quiz